|
|
|
|
| LEADER |
01372nam a2200229 a 4500 |
| 001 |
GR-MES1490 |
| 008 |
991111s1991 gr 000 0 gre d |
| 040 |
|
|
|a GrPaTEI
|b gre
|c GR-PaULI
|
| 245 |
0 |
0 |
|a Οργάνωση και διοίκηση πωλήσεων :
|b Ενας οδηγός για επιχειρήσεις μικρού και μεσαίου μεγέθους.
|
| 260 |
|
|
|a Αθήνα :
|b Γάλαιος,
|c 1991
|
| 300 |
|
|
|a 127σελ. :
|b πιν.
|
| 650 |
|
4 |
|a Μάνατζμεντ
|
| 650 |
|
4 |
|a Πωλήσεις
|
| 700 |
1 |
|
|a Αυλωνίτης, Γεώργιος Ι.,
|d 1949-
|
| 700 |
1 |
|
|a Παπαδόπουλος, Ν. Γ.
|
| 700 |
1 |
|
|a Σιγανός, Νίκος Μ.
|
| 942 |
|
|
|2 ddc
|
| 952 |
|
|
|0 0
|1 0
|2 ddc
|4 0
|6 658_810000000000000_ΣΙΓ
|7 0
|9 265703
|a MSLG
|b MSLG
|c BSC
|d 2021-01-17
|e 24
|f 0
|g 0.00
|l 0
|o 658.81 ΣΙΓ
|p 2420000002402
|r 2021-01-17 00:00:00
|t 1
|w 2021-01-17
|y BK15
|x 19991111 0 1
|x GrPaTEI
|
| 952 |
|
|
|0 0
|1 0
|2 ddc
|4 0
|6 658_810000000000000_ΣΙΓ
|7 0
|9 265704
|a MSLG
|b MSLG
|c BSC
|d 2021-01-17
|e 24
|f 0
|g 0.00
|l 0
|o 658.81 ΣΙΓ
|p 2420000002403
|r 2021-01-17 00:00:00
|t 1
|w 2021-01-17
|y BK15
|x 19991111 0 1
|x GrPaTEI
|
| 952 |
|
|
|0 0
|1 0
|2 ddc
|4 0
|6 658_810000000000000_ΣΙΓ
|7 0
|9 265705
|a MSLG
|b MSLG
|c BSC
|d 2021-01-17
|e 24
|f 0
|g 0.00
|l 0
|o 658.81 ΣΙΓ
|p 2420000002404
|r 2021-01-17 00:00:00
|t 1
|w 2021-01-17
|y BK15
|x 19991111 0 1
|x GrPaTEI
|
| 971 |
|
|
|a .b25725336
|b 16-04-20
|c 13-09-16
|
| 999 |
|
|
|c 152733
|d 152733
|